Ảnh hưởng của điều kiện lên men đến hiệu quả sinh tổng hợp Pectin Methylesterase : Luận văn thạc sĩ khoa học chuyên ngành công nghệ sinh học

Xác định được một số điều kiện lên men tối ưu tác động đến hiệu quả sinh tổng hợp pectin methylesterase từ Aspergillus niger trên cơ chất của pectin từ phụ phẩm nông nghiệp

Uloženo v:
Podrobná bibliografie
Hlavní autor: Tạ, Thị Trúc Linh
Médium: Kniha
Jazyk:Undetermined
Vydáno: Cần Thơ Trường Đại học Cần Thơ 2011
Témata:
Tagy: Přidat tag
Žádné tagy, Buďte první, kdo otaguje tento záznam!
Thư viện lưu trữ: Trung tâm Học liệu Trường Đại học Cần Thơ
LEADER 01159nam a2200229Ia 4500
001 CTU_171073
008 210402s9999 xx 000 0 und d
082 |a 660.634 
082 |b L312 
088 |a 60420201 
100 |a Tạ, Thị Trúc Linh 
245 0 |a Ảnh hưởng của điều kiện lên men đến hiệu quả sinh tổng hợp Pectin Methylesterase : 
245 0 |b Luận văn thạc sĩ khoa học chuyên ngành công nghệ sinh học 
245 0 |c Tạ Thị Trúc Linh ; Nguyễn Văn Mười, Trần Thanh Trúc (hướng dẫn khoa học) 
260 |a Cần Thơ 
260 |b Trường Đại học Cần Thơ 
260 |c 2011 
520 |a Xác định được một số điều kiện lên men tối ưu tác động đến hiệu quả sinh tổng hợp pectin methylesterase từ Aspergillus niger trên cơ chất của pectin từ phụ phẩm nông nghiệp 
650 |a Enzim,Enzyme 
650 |x Công nghệ sinh học,Biotechnology 
904 |i Mai, Hải 
980 |a Trung tâm Học liệu Trường Đại học Cần Thơ